| 000 | 00735cam a22002534a 4500 | ||
|---|---|---|---|
| 999 |
_c5177 _d5177 |
||
| 001 | 14965 | ||
| 003 | BD-DhUAP | ||
| 005 | 20201202150624.0 | ||
| 008 | 201202s2007 nyua b 001 0 eng | ||
| 020 | _a0443071332 | ||
| 035 | _a(DNLM)101194163 | ||
| 040 |
_aDNLM/DLC _cDLC _dBD-DhUAP _beng |
||
| 042 | _apcc | ||
| 082 | 0 | 0 |
_a615.1072 HAN _223 |
| 100 | _aHannan, JMA. | ||
| 245 |
_aMedical & pharmaceutical statistics / _cJMA Hannan. |
||
| 260 |
_aDhaka : _bApex publications, _cc2007. |
||
| 300 |
_axii, 328 pages : _billustrations ; _c25 cm. |
||
| 500 | _aIncludes index. | ||
| 650 | 0 |
_aPharmacy _xStatistical methods. |
|
| 650 | 1 | 2 |
_aPharmacy _vLaboratory Manuals. |
| 650 | 2 | 2 |
_aStatistics _vLaboratory Manuals. |
| 942 |
_2ddc _cBK |
||